000 01127nam a22003257a 4500
003 CHAP
005 20220329140752.0
008 971013s1970 mx a r 00010 spa d
010 _a57308
011 _a58280
035 _a62435
040 _cCHAP
090 _aTesis
100 0 0 _aSolórzano Buenrostro, Librado.
_9108491
245 1 _aBiología, daños y control del defoliador Zadiprion vallicola Roh. (Hymenoptera : Diprionidae) del pino, en la zona suroeste del estado de Michoacán
260 _aChapingo, Méx. :
_bEl autor,
_c1970
300 _a93 h.
_b: ilus.
502 _aTesis ( Ing. Agr. Esp. en Bosques) -- ENA
590 _aALEPH
_b10
_c20130110
_lUCH01
_h1335
590 _aBATCH-UPD
_b10
_c20130110
_lUCH01
_h2238
590 _aBATCH-UPD
_b10
_c20130410
_lUCH01
_h1533
590 _aBATCH-UPD
_b10
_c20130914
_lUCH01
_h2111
590 _aCONVERSION
_b10
_c20130109
_lUCH01
_h1331
650 1 4 _aZadiprion vallicola.
_9123429
901 _aBK
942 _cFOLL
949 _bBC
_cTES
_d-133816
_eTS1
_i62435
_si
949 _bBC
_cTES
_d-133817
_eTS2
_fc.2
_i62435
_si
949 _bBC
_cTES
_d-133818
_eTS2
_fc.3
_i62435
_si
999 _c57308
_d57308